| 000 -LEADER |
| fixed length control field |
01136cam a2200241Ki 4500 |
| 082 ## - DEWEY DECIMAL CLASSIFICATION NUMBER |
| Classification number |
625.84 |
| Author Mark |
NST |
| -- |
Donated |
| 100 1# - MAIN ENTRY--PERSONAL NAME |
| Personal name |
Nussbaum, Peter J. |
| 9 (RLIN) |
43850 |
| 245 10 - TITLE STATEMENT |
| Title |
Portland cement concrete pavements |
| Remainder of title |
performance related to design-construction-maintenance / |
| Statement of responsibility, etc. |
Peter J. Nussbaum, Edwin C. Lokken. |
| 260 ## - PUBLICATION, DISTRIBUTION, ETC. |
| Place of publication, distribution, etc. |
Washington : |
| Name of publisher, distributor, etc. |
Dept. of Transportation, Federal Highway Administration, Offices of Research and Development, Implementation Division ; |
| Place of publication, distribution, etc. |
Springfield, Va. : |
| Name of publisher, distributor, etc. |
For sale by the National Technical Information Service, |
| Date of publication, distribution, etc. |
1977. |
| 300 ## - PHYSICAL DESCRIPTION |
| Extent |
1 online resource (183 p. in various pagings) : |
| Other physical details |
ill. |
| 490 1# - SERIES STATEMENT |
| Series statement |
Report - Federal Highway Administration ; |
| 500 ## - GENERAL NOTE |
| General note |
Final report; issued Aug. 1977. |
| 500 ## - GENERAL NOTE |
| General note |
Prepared by Portland Cement Association. |
| 526 ## - STUDY PROGRAM INFORMATION NOTE |
| Program name |
0 |
| Interest level |
0 |
| Reading level |
0 |
| Title point value |
625_840000000000000_NST |
| 650 #0 - SUBJECT ADDED ENTRY--TOPICAL TERM |
| Topical term or geographic name entry element |
MCE |
| 9 (RLIN) |
379 |
| 650 #0 - SUBJECT ADDED ENTRY--TOPICAL TERM |
| Topical term or geographic name entry element |
Pavements, Concrete. |
| 9 (RLIN) |
20053 |
| 650 #0 - SUBJECT ADDED ENTRY--TOPICAL TERM |
| Topical term or geographic name entry element |
Portland cement. |
| 9 (RLIN) |
812 |
| 700 1# - ADDED ENTRY--PERSONAL NAME |
| Personal name |
Lokken, Edwin C., |
| 9 (RLIN) |
43851 |
| 710 1# - ADDED ENTRY--CORPORATE NAME |
| Corporate name or jurisdiction name as entry element |
United States. |
| 9 (RLIN) |
21185 |
| 710 2# - ADDED ENTRY--CORPORATE NAME |
| Corporate name or jurisdiction name as entry element |
Portland Cement Association. |
| 9 (RLIN) |
20051 |
| 856 40 - ELECTRONIC LOCATION AND ACCESS |
| Uniform Resource Identifier |
<a href="http://catalog.hathitrust.org/api/volumes/oclc/3582258.html">http://catalog.hathitrust.org/api/volumes/oclc/3582258.html</a> |
| 942 ## - ADDED ENTRY ELEMENTS (KOHA) |
| Source of classification or shelving scheme |
|
| Koha item type |
Book |